Score 0/25 Timer 05:00
2 Plays Today
Hint 4-letter word % Correct
Earth centerCORE
97.5%
EmployHIRE
95.6%
Captain Renault - ''I'm shocked, shocked to find that gambling is going on in ____!''HERE
95.6%
Small wheeled vehicle that's pushed or pulledCART
95.5%
Ilsa - ''Well, only one answer can take ____ of all our questions.''CARE
95.2%
Rick - ''If [RUNG 22] plane leaves the ground and you're not with him, you'll regret it.
Maybe not today. Maybe not tomorrow, but soon and for the rest of your ____.''
LIFE
95%
Flexible metal threadWIRE
95%
Ilsa - ''Kiss me. Kiss me as if it ____ the last time.''WERE
94.4%
Victor Laszlo - ''You won't give me the letters of transit. All right. But I want my ____ to be safe.
I ask you as a favor, to use the letters to take her away from Casablanca.'
WIFE
94.3%
Rick - ''Louis, I think ____ is the beginning of a beautiful friendship.''THIS
94.2%
SkinnyTHIN
93.8%
Rick - ''I remember every detail. The Germans ____ gray, you ____ blue.''WORE
93.7%
Captain Renault - ''Ricky, I'm going to miss you. Apparently you're the only one in Casablanca
with less scruples ____ I.''
THAN
93.6%
Hint 4-letter word % Correct
Raise upLIFT
93.3%
Victor Laszlo - ''If we stop fighting our enemies, the world ____ die.''WILL
93%
Rick - ''If ____ plane leaves the ground and you're not with him, you'll regret it.
Maybe not today. Maybe not tomorrow, but soon and for the rest of your [RUNG 12].''
THAT
92.8%
Dark greenish blueTEAL
90%
NippleTEAT
88.4%
Benign skin growthWART
88.1%
Rick - ''____ me, who was it you left me for? Was it Laszlo,
or were there others in between? Or aren't you the kind that ____s?''
TELL
86.9%
Rick - ''Ilsa, I'm no good at being noble, but it doesn't take much to see
that the problems of three little people don't amount to a ____ of beans in this crazy world.''
HILL
86.9%
Rick - ''____, what of it? It'll be out of its misery.''WELL
86.4%
Weapon handleHILT
84.8%
Tuneful vocal qualityLILT
84.1%
''Here, the fortunate ones ... might obtain exit visas and scurry to Lisbon; and from Lisbon
to the New World. But the others ____ in Casablanca, and ____, and ____, and ____.''
WAIT
61.5%

Today's Daily Dose

You're not logged in!

Compare scores with friends on all Sporcle quizzes.
OR
Log In

Sporcle TV

Today on Sporcle TV


Watch our educational content, quiz creation guides, and fun videos on Sporcle TV.

Show Comments

Extras

Top Quizzes Today


Score Distribution

Your Account Isn't Verified!

In order to create a playlist on Sporcle, you need to verify the email address you used during registration. Go to your Sporcle Settings to finish the process.

Report this User

Report this user for behavior that violates our Community Guidelines.

Details: